[Event "Neckar op 20th"]
[Site "Deizisau"]
[Date "2023.04.10"]
[Round "9"]
[White "Kleibel, Uwe"]
[Black "Testeshnikov, Nikita"]
[Result "1/2-1/2"]
[WhiteElo "2258"]
[BlackElo "2120"]
[PlyCount "155"]
[EventDate "2023.04.06"]
[EventType "swiss"]
[EventRounds "9"]
[EventCountry "GER"]
[SourceTitle "CBM 213 Extra"]
[Source "ChessBase"]
[SourceDate "2023.05.31"]
[SourceVersion "1"]
[SourceVersionDate "2023.05.31"]
[SourceQuality "1"]

1. d4 d5 2. Nf3 Nf6 3. Bf4 c5 4. e3 Nc6 5. Nbd2 Nh5 6. dxc5 Nxf4 7. exf4 g6 8. c3 Bg7 9. Nb3 0-0 10. Be2 Bg4 11. 0-0 e6 12. Ne5 Bxe2 13. Qxe2 Nxe5 14. fxe5 Qc7 15. f4 Rfe8 16. c4 Bf8 17. cxd5 Bxc5+ 18. Kh1 exd5 19. Rad1 Qc6 20. f5 Bf8 21. e6 gxf5 22. exf7+ Kxf7 23. Qh5+ Kg8 24. Rxf5 Qe6 25. Nd4 Qe1+ 26. Rf1 Qe5 27. Qf7+ Kh8 28. Nf3 Qxb2 29. Ng5 Qg7 30. Qxd5 h6 31. Ne6 Qg6 32. Nf4 Qg5 33. Qf7 Bg7 34. Rd5 Rf8 35. Qxb7 Rab8 36. Qxb8 Rxb8 37. Rxg5 hxg5 38. Ne6 Rb2 39. Nxg7 Kxg7 40. Ra1 a5 41. a4 Rb4 42. Kg1 Kg6 43. Ra3 Rf4 44. g3 Rb4 45. h3 Rc4 46. Kf2 Rb4 47. Kf3 Kf5 48. g4+ Kf6 49. Kg3 Kg6 50. h4 gxh4+ 51. Kxh4 Kh6 52. Rc3 Rxa4 53. Rc6+ Kg7 54. Kg5 Rb4 55. Rc7+ Kg8 56. Ra7 Rb5+ 57. Kh6 Rb6+ 58. Kh5 Rb5+ 59. g5 Rb6 60. Rxa5 Kg7 61. Ra7+ Kg8 62. Kg4 Rb4+ 63. Kf5 Rb5+ 64. Kg6 Rb6+ 65. Kh5 Rc6 66. Re7 Ra6 67. Kg4 Rb6 68. Kf5 Ra6 69. Re8+ Kg7 70. Re7+ Kg8 71. Re6 Rxe6 72. Kxe6 Kg7 73. Kf5 Kf7 74. g6+ Kg7 75. Kg5 Kg8 76. Kf6 Kf8 77. g7+ Kg8 78. Kg6 1/2-1/2

[Event "Neckar op 20th"]
[Site "Deizisau"]
[Date "2023.04.10"]
[Round "8"]
[White "Testeshnikov, Nikita"]
[Black "Uphoff, Lennart"]
[Result "1/2-1/2"]
[WhiteElo "2120"]
[BlackElo "2179"]
[PlyCount "113"]
[EventDate "2023.04.06"]
[EventType "swiss"]
[EventRounds "9"]
[EventCountry "GER"]
[SourceTitle "CBM 213 Extra"]
[Source "ChessBase"]
[SourceDate "2023.05.31"]
[SourceVersion "1"]
[SourceVersionDate "2023.05.31"]
[SourceQuality "1"]

1. Nf3 Nf6 2. g3 g6 3. b3 d5 4. Bb2 c5 5. c4 d4 6. b4 Bg7 7. bxc5 Nc6 8. Bg2 e5 9. d3 e4 10. dxe4 Nxe4 11. 0-0 0-0 12. Na3 Nxc5 13. Nb5 Ne6 14. Ba3 Re8 15. Rb1 Bf8 16. Bxf8 Rxf8 17. e3 dxe3 18. fxe3 Qe7 19. Qd6 Re8 20. Nfd4 Bd7 21. Qxe7 Rxe7 22. Nc3 Nexd4 23. exd4 Be8 24. Nd5 Re2 25. Nf6+ Kg7 26. d5 Na5 27. d6 Rxg2+ 28. Kxg2 Bc6+ 29. Kg1 Nxc4 30. Rb4 Nxd6 31. Rbf4 h5 32. Re1 Nf5 33. Nxh5+ Kf8 34. Nf6 Rd8 35. Ng4 Rd2 36. Rf2 Rd4 37. Ne5 Bd5 38. Rf4 Rd2 39. Rf2 Rd4 40. Rf4 Rd2 41. Nxg6+ fxg6 42. g4 Rg2+ 43. Kf1 Rxh2 44. gxf5 Rh1+ 45. Kf2 Rxe1 46. Kxe1 Bxa2 47. fxg6+ Kg7 48. Ra4 Bd5 49. Rxa7 Kxg6 50. Kd2 Kf6 51. Kc3 Ke5 52. Ra8 Bc6 53. Kd3 Kd5 54. Rh8 Kc5 55. Rh5+ Bd5 56. Kc3 b5 57. Rh4 1/2-1/2

[Event "Lutsk Nebesna Sotnya Memorial rap"]
[Site "Lutsk"]
[Date "2018.02.17"]
[Round "2"]
[White "Vetoshko, Volodymyr"]
[Black "Testeshnikov, Nikita"]
[Result "1-0"]
[WhiteElo "2520"]
[BlackElo "1824"]
[PlyCount "81"]
[EventDate "2018.02.17"]
[EventType "swiss (rapid)"]
[EventRounds "11"]
[EventCountry "UKR"]
[SourceTitle "CBM 182 Extra"]
[Source "ChessBase"]
[SourceDate "2018.02.23"]
[SourceVersion "1"]
[SourceVersionDate "2018.02.23"]
[SourceQuality "1"]

1. e4 d5 2. exd5 Nf6 3. Bb5+ Bd7 4. Be2 Nxd5 5. d4 e6 6. Nf3 c5 7. c4 Nb6 8. d5 exd5 9. cxd5 Be7 10. Nc3 Bf6 11. 0-0 0-0 12. a4 Bg4 13. a5 Nc8 14. Be3 Nd7 15. Ne4 Re8 16. Qa4 Bxb2 17. Rab1 Bf5 18. Rxb2 Rxe4 19. Qa3 Nd6 20. Bd3 Rb4 21. Bxf5 Nxf5 22. Rxb4 cxb4 23. Qxb4 Nf6 24. Qxb7 Nxe3 25. fxe3 Qxd5 26. a6 Qd8 27. Nd4 Qe8 28. Nf5 h6 29. Kh1 Ng4 30. Nd6 Qd8 31. Rxf7 Nf2+ 32. Rxf2 Rb8 33. Qd5+ Kh7 34. Qe4+ Kg8 35. Qe6+ Kh7 36. h3 Rb6 37. Qe4+ Kg8 38. Qc4+ Kh7 39. Qc2+ Kg8 40. Nf5 Rxa6 41. Qc4+ 1-0